00871nam a2200193 a 450000100100000000500170001000800410002702000150006804000250008324501770010826000280028530000210031349000210033450400730035571000740042883000530050295201050055599900170066000004406820201002045128.0140515s1993 sp 000 0 spa d a8433817752 aDO-SdBNPbspacBNPHU00aExplosión Demográfica, Empleo y Trabajadores Emigrantes en el Mediterráneo Occidental /ceditores Juan Montabes Pereira, Bernabé López García, Domingo del Pino. aGranada :bAECI,c1993. a596 p. ;c22 cm.1 aMonografíasv4 aIncluye referencias bibliográficas y notas al pie de las páginas2 aUniversidad de GranadabAgencia de Cooperación Internacional972059 0aMonografías / Universidad de Granadav4972060 001050718MOaGRbGRcCTd2014-05-15iLF1l0o p44068-10r2020-06-25w2020-06-25y1ZNo se presta c43557d43557